000 00327nam a2200145Ia 4500
008 230718s9999 xx 000 0 und d
041 _aEng.
082 _a368.5
_bBLA-B
100 _aBlair,william
245 0 _aBAnks liability
260 _aPakistan
_bLondon,Hongkong
_c2001
300 _a435
650 _aLaw
999 _c30584
_d30584